Ekonomika zahraničního obchodu v systému vnějších ekonomických vztahů socialistického státu makroekonomické souvislosti

Gespeichert in:
Bibliographische Detailangaben
1. Verfasser: Plchová, Božena
Körperschaft: Vysoká škola ekonomická v Praze. Obchodní fakulta
Format: Buch
Sprache:Tschechisch
Veröffentlicht: Praha Státní pedagogické nakladatelství 1984
Tags: Tag hinzufügen
Keine Tags, Fügen Sie das erste Tag hinzu!

MARC

LEADER 00000nam a2200000 4500
001 c107135
005 20190425092956.6
041 0 |a cze 
044 |a CZ 
245 1 0 |a Ekonomika zahraničního obchodu v systému vnějších ekonomických vztahů socialistického státu  |b makroekonomické souvislosti  |c Božena Plchová a kol. 
264 1 |a Praha  |b Státní pedagogické nakladatelství  |c 1984 
300 |a 203 s. 
100 1 |a Plchová, Božena 
710 2 |a Vysoká škola ekonomická v Praze. Obchodní fakulta